000 00298nam a2200133Ia 4500
100 _aLittle/Richard L
942 _cBK
654 _aWelding Technology
245 _aWelding & Welding Technology
260 _bMcGraw Hill
_aNEWYORK
_c1973
082 _a671.5
300 _a435
546 _aENGLISH
999 _c25887
_d25887